000 00434nam a2200157Ia 4500
003 OSt
005 20230531103209.0
008 211028s2007 xx 000 0 und d
040 _cAIMIT LIBRARY
041 _aeng
100 _aVaz, Melanie; Leelavathy.
_g50971420
_98966
110 _aLeelavathy
_98967
245 _aExtraction of URLS and description from the google results page.
260 _aMangalore
_c2007
942 _2ddc
_cPRO
999 _c220146
_d220146